| 000 | 00349nam a22001217a 4500 | ||
|---|---|---|---|
| 005 | 20250728164028.0 | ||
| 008 | 250728b |||||||| |||| 00| 0 eng d | ||
| 020 |
_a9780792364559 _qhbk |
||
| 082 |
_a507.1 _bABE.10 |
||
| 100 | _aSandra K.abell | ||
| 245 |
_aScience Teacher Education _b: an international perspective _cSandra K.abell |
||
| 942 | _cENGLISH | ||
| 999 |
_c577859 _d577859 |
||